PlayStation consoles - Statistics

General Stats
  • This quiz has been taken 247 times
  • The average score is 11 of 17
Answer Stats
Year of release Console % Correct
1994 PlayStation
99%
2000 PlayStation 2
99%
2006 PlayStation 3
98%
2013 PlayStation 4
98%
2020 PlayStation 5
97%
2004 PlayStation Portable
86%
2011 PlayStation Vita
79%
2016 PlayStation 4 Slim
71%
2009 PlayStation 3 Slim
70%
2023 PlayStation 5 Slim
69%
2004 PlayStation 2 Slim
68%
2016 PlayStation 4 Pro
65%
2023* PlayStation Portal*
36%
2012 PlayStation 3 Super Slim
31%
2000 PS one
27%
2003 PSX
26%
1999* PocketStation*
22%
No matching quizzes found
Score Distribution
Percent of People with Each Score
Percentile by Number Answered
Your Score History
You have not taken this quiz